|
|
|
|
| LEADER |
00000cam a2200000 a 4500 |
| 001 |
vtls008399397 |
| 003 |
SK-MaSNL |
| 005 |
20260301205107.0 |
| 008 |
250313s1943 xo 000 p slo |
| 015 |
|
|
|a SNBA19421945-154/3707
|
| 035 |
|
|
|a SK01SNKBKSD220020091614
|
| 035 |
|
|
|a urn:nbn:sk:snk-am3hkdi
|
| 035 |
|
|
|a 2C5E2C2F-E4FA-49FD-A3B2-4BCF9AC46057
|
| 035 |
|
|
|a urn:nbn:sk:snk-am00d3gd
|
| 035 |
|
|
|a SKM000094077
|
| 040 |
|
|
|a SNK
|b slo
|c SNK
|e AACR2
|
| 041 |
0 |
|
|a slo
|
| 044 |
|
|
|a xo
|c SK
|
| 100 |
1 |
|
|a Strmeň, Karol,
|d 1921-1994
|4 aut
|9 112747
|
| 245 |
1 |
0 |
|a Výžinok života
|c Karol Strmeň
|
| 260 |
|
|
|a Kassa
|b n. vl.
|c 1943
|e Košice
|f Wiko
|
| 300 |
|
|
|a 79, [ii] s.
|c 8°
|
| 490 |
1 |
|
|a Edícia Slovenskej jednoty
|v sv. 12
|
| 655 |
|
7 |
|a slovenská poézia
|2 SNKPH
|9 70444
|
| 752 |
|
|
|a Slovensko
|d Košice
|
| 830 |
|
0 |
|a Edícia Slovenskej jednoty
|9 286324
|
| 852 |
|
|
|a Slovenská národná knižnica
|
| 954 |
|
|
|a beletria pôvodná (slovenská)
|2 lita
|
| 958 |
|
|
|a RK
|
| 958 |
|
|
|a TL
|
| 958 |
|
|
|a OND
|
| 999 |
|
|
|c 908956
|d 910886
|
| 952 |
|
|
|a SNK
|b SNK
|y VYP
|7 0
|p 17A0654601
|o snkSD 4847/13 D2
|i snkVI. 1361/55
|3 rekatalogizácia
|0 0
|1 0
|4 0
|d 2007-05-29
|l 0
|r 2026-02-24 07:38:09
|w 2026-02-24
|
| 952 |
|
|
|t P60, <04>, [BOOK], {604}
|a SNK
|b SNK
|y VYP
|7 0
|p 17A0101145
|o snkSD 4847/13 D1
|0 0
|1 0
|4 0
|d 1997-10-08
|l 0
|r 2005-01-02 00:00:00
|w 2026-02-24
|
| 952 |
|
|
|a SNK
|b SNK
|y PREZ
|7 0
|p 17A0907908
|o snkSD 4847/13
|i snk1358/44
|0 0
|1 0
|4 0
|d 2018-06-13
|f 1
|l 0
|r 2025-11-11 00:00:00
|w 2026-02-24
|
| 952 |
|
|
|a SNKLM
|b SNKLM
|y NEVYP
|7 0
|o snklmMK 5676
|8 3
|0 0
|1 0
|4 0
|d 2006-10-26
|l 0
|r 2026-02-24 07:38:09
|w 2026-02-24
|